[Event "Liechtenstein Seniors op 07th"]
[Site "Triesen"]
[Date "2007.05.19"]
[Round "9"]
[White "Kelecevic, Nedeljko"]
[Black "Koch, Helmut"]
[Result "1-0"]
[WhiteElo "2363"]
[BlackElo "1973"]
[PlyCount "65"]
[EventDate "2007.05.11"]
[EventType "swiss"]
[EventRounds "9"]
[EventCountry "LIE"]
[SourceTitle "EXT 2010"]
[Source "ChessBase"]
[SourceDate "2010.11.25"]
[SourceVersion "1"]
[SourceVersionDate "2010.11.25"]
[SourceQuality "1"]

1. d4 Nf6 2. c4 g6 3. Nc3 Bg7 4. e4 d6 5. f3 0-0 6. Bg5 Nc6 7. Nge2 a6 8. Qd2 Rb8 9. d5 Ne5 10. Nd4 Re8 11. Be2 e6 12. 0-0 exd5 13. cxd5 c5 14. dxc6 bxc6 15. Kh1 Bb7 16. Rad1 Qc7 17. Rc1 Qe7 18. Rfd1 Rbd8 19. Nb3 Qf8 20. f4 Neg4 21. Bxg4 Nxg4 22. Bxd8 Rxd8 23. Nc5 Bc8 24. h3 Nf6 25. e5 Nh5 26. Ne2 g5 27. exd6 Be6 28. Nxe6 fxe6 29. Qe3 Rxd6 30. fxg5 Bxb2 31. Rb1 Rxd1+ 32. Rxd1 Qf7 33. Rb1 1-0

[Event "Liechtenstein Seniors op 07th"]
[Site "Triesen"]
[Date "2007.05.17"]
[Round "7"]
[White "Weder, Hanspeter"]
[Black "Koch, Helmut"]
[Result "0-1"]
[WhiteElo "2012"]
[BlackElo "1973"]
[PlyCount "48"]
[EventDate "2007.05.11"]
[EventType "swiss"]
[EventRounds "9"]
[EventCountry "LIE"]
[SourceTitle "EXT 2010"]
[Source "ChessBase"]
[SourceDate "2010.11.25"]
[SourceVersion "1"]
[SourceVersionDate "2010.11.25"]
[SourceQuality "1"]

1. f4 Nf6 2. Nf3 g6 3. e3 Bg7 4. d4 0-0 5. Bd3 d6 6. 0-0 Nbd7 7. c3 e5 8. e4 exd4 9. cxd4 Re8 10. Nc3 c6 11. e5 dxe5 12. fxe5 Nd5 13. Nxd5 cxd5 14. Ng5 Qb6 15. Kh1 Qxd4 16. Nxf7 Nxe5 17. Nxe5 Bxe5 18. Bh6 Qh4 19. h3 Qxh6 20. Bxg6 Qxg6 21. Qxd5+ Kg7 22. Rae1 Bf6 23. Rxe8 Qxe8 24. Qd6 Qe5 0-1

[Event "Liechtenstein Seniors op 07th"]
[Site "Triesen"]
[Date "2007.05.15"]
[Round "5"]
[White "Hajenius, Willem"]
[Black "Koch, Helmut"]
[Result "1-0"]
[WhiteElo "1993"]
[BlackElo "1973"]
[PlyCount "53"]
[EventDate "2007.05.11"]
[EventType "swiss"]
[EventRounds "9"]
[EventCountry "LIE"]
[SourceTitle "EXT 2010"]
[Source "ChessBase"]
[SourceDate "2010.11.25"]
[SourceVersion "1"]
[SourceVersionDate "2010.11.25"]
[SourceQuality "1"]

1. d4 Nf6 2. c4 g6 3. Nc3 Bg7 4. e4 d6 5. f4 0-0 6. Nf3 c5 7. d5 b5 8. cxb5 Qa5 9. Bd2 a6 10. a4 axb5 11. Bxb5 Ba6 12. Qe2 Bxb5 13. Nxb5 Qb6 14. 0-0 Na6 15. Kh1 Rfe8 16. Qc4 Qb7 17. Rad1 Nd7 18. b3 h6 19. Bc3 Nf6 20. e5 dxe5 21. fxe5 Nh7 22. Nh4 Ng5 23. e6 fxe6 24. Bxg7 Kxg7 25. Qd3 Nh7 26. Qxg6+ Kh8 27. Rf7 1-0

[Event "Liechtenstein Seniors op 07th"]
[Site "Triesen"]
[Date "2007.05.14"]
[Round "4"]
[White "Koch, Helmut"]
[Black "Karl, Hans"]
[Result "1-0"]
[WhiteElo "1973"]
[BlackElo "2262"]
[PlyCount "79"]
[EventDate "2007.05.11"]
[EventType "swiss"]
[EventRounds "9"]
[EventCountry "LIE"]
[SourceTitle "EXT 2010"]
[Source "ChessBase"]
[SourceDate "2010.11.25"]
[SourceVersion "1"]
[SourceVersionDate "2010.11.25"]
[SourceQuality "1"]

1. Nf3 d5 2. b3 Nf6 3. Bb2 e6 4. e3 Nbd7 5. d4 Bd6 6. Bd3 0-0 7. 0-0 b6 8. Nbd2 Bb7 9. c4 Ne4 10. Rc1 Qe7 11. Ne5 Rac8 12. Bb1 Rfd8 13. Qe2 Nf8 14. Ndf3 f6 15. Nd3 dxc4 16. bxc4 c5 17. Rfd1 Ng6 18. Nfe1 Qc7 19. Qh5 f5 20. Nf3 Nf6 21. Qh3 Ne4 22. d5 Qe7 23. Nde1 Nf8 24. dxe6 Qxe6 25. Nh4 f4 26. Nf5 Be5 27. Bxe5 Qxe5 28. exf4 Qe6 29. Nf3 g6 30. Nh6+ Kg7 31. f5 Qf6 32. Ng4 Qxf5 33. Qh6+ Kh8 34. h3 Ne6 35. Re1 Re8 36. Rcd1 Nf8 37. Rd6 Qf7 38. Bxe4 Rxe4 39. Rxe4 Bxe4 40. Ng5 1-0

[Event "Bayern-chI Bank Hofmann 10th"]
[Site "Bad Wiessee"]
[Date "2006.11.04"]
[Round "1"]
[White "Koch, Helmut"]
[Black "Kaplan, Sasha"]
[Result "0-1"]
[WhiteElo "2010"]
[BlackElo "2402"]
[PlyCount "34"]
[EventDate "2006.11.04"]
[EventType "swiss"]
[EventRounds "9"]
[EventCountry "GER"]
[SourceTitle "EXT 2007"]
[Source "ChessBase"]
[SourceDate "2006.11.23"]
[SourceVersion "1"]
[SourceVersionDate "2006.11.23"]
[SourceQuality "1"]

1. Nf3 Nf6 2. g3 d5 3. Bg2 c6 4. 0-0 Bf5 5. d3 h6 6. Nbd2 e6 7. h3 Be7 8. Re1 Bh7 9. e4 dxe4 10. dxe4 Nxe4 11. Ne5 Nf6 12. Qe2 0-0 13. Ndf3 Nbd7 14. b3 Nxe5 15. Nxe5 Qd4 16. c3 Qxc3 17. Bb2 Qc2 0-1

[Event "Niedersachsen-ch Seniors op 09th"]
[Site "Bad Bevensen"]
[Date "2006.07.02"]
[Round "9"]
[White "Eickhoff, Hermann"]
[Black "Koch, Helmut"]
[Result "1/2-1/2"]
[WhiteElo "1806"]
[BlackElo "1738"]
[PlyCount "82"]
[EventDate "2006.06.24"]
[EventType "swiss"]
[EventRounds "9"]
[EventCountry "GER"]
[SourceTitle "EXT 2022"]
[Source "ChessBase"]
[SourceDate "2021.10.06"]
[SourceVersion "1"]
[SourceVersionDate "2021.10.06"]
[SourceQuality "1"]

1. e4 e5 2. f4 exf4 3. Nf3 g5 4. Bc4 d6 5. d4 h6 6. 0-0 Bg7 7. c3 Ne7 8. Nbd2 Ng6 9. Qb3 0-0 10. Qc2 g4 11. Ne1 Qh4 12. e5 Qh5 13. exd6 cxd6 14. Bd3 g3 15. Ndf3 Be6 16. c4 Na6 17. Bxg6 fxg6 18. h3 Rac8 19. b3 b5 20. Qe4 Rce8 21. Qc6 Bxh3 22. Bxf4 Nb4 23. Qxd6 Rd8 24. Qxb4 Rxf4 25. Rd1 Bxd4+ 26. Rxd4 Rfxd4 27. Qxb5 Bf5 28. Qe5 Rd2 29. Qe7 R2d7 30. Qe5 Rd2 31. Qxg3 Rxa2 32. Nh4 Qg5 33. Nxf5 gxf5 34. Qxg5+ hxg5 35. Rxf5 Rd1 36. Rxg5+ Kf7 37. Re5 Kf6 38. Re3 Kf5 39. Kh2 Rdd2 40. Kg3 Re2 41. Rf3+ Ke6 1/2-1/2

[Event "Niedersachsen-ch Seniors op 09th"]
[Site "Bad Bevensen"]
[Date "2006.06.30"]
[Round "7"]
[White "Johannsen, Ingbert"]
[Black "Koch, Helmut"]
[Result "1-0"]
[WhiteElo "1932"]
[BlackElo "1738"]
[PlyCount "63"]
[EventDate "2006.06.24"]
[EventType "swiss"]
[EventRounds "9"]
[EventCountry "GER"]
[SourceTitle "EXT 2022"]
[Source "ChessBase"]
[SourceDate "2021.10.06"]
[SourceVersion "1"]
[SourceVersionDate "2021.10.06"]
[SourceQuality "1"]

1. e4 e5 2. Nc3 Nf6 3. f4 d5 4. fxe5 Nxe4 5. Nf3 Be7 6. Qe2 Nxc3 7. dxc3 0-0 8. Bd2 Be6 9. 0-0-0 c5 10. Kb1 Nc6 11. h4 h6 12. Qe1 Kh8 13. Ng5 a6 14. Nxe6 fxe6 15. Qg3 c4 16. Qg6 Nxe5 17. Qxe6 Nc6 18. Bc1 Rf6 19. Qe3 Rd6 20. g3 Bf6 21. Bg2 b5 22. g4 d4 23. cxd4 Rc8 24. c3 Be7 25. g5 Kg8 26. Bh3 Rc7 27. Be6+ Kf8 28. Rdf1+ Ke8 29. Bf7+ Kf8 30. Be6+ Ke8 31. gxh6 gxh6 32. Qxh6 1-0

[Event "Niedersachsen-ch Seniors op 09th"]
[Site "Bad Bevensen"]
[Date "2006.06.24"]
[Round "2"]
[White "Koch, Helmut"]
[Black "Reinhold, Klaus"]
[Result "1/2-1/2"]
[WhiteElo "1738"]
[BlackElo "1936"]
[PlyCount "55"]
[EventDate "2006.06.24"]
[EventType "swiss"]
[EventRounds "9"]
[EventCountry "GER"]
[SourceTitle "EXT 2022"]
[Source "ChessBase"]
[SourceDate "2021.10.06"]
[SourceVersion "1"]
[SourceVersionDate "2021.10.06"]
[SourceQuality "1"]

1. e4 e5 2. Nc3 Nf6 3. f4 d5 4. fxe5 Nxe4 5. Nf3 Bg4 6. Be2 Be7 7. 0-0 0-0 8. d4 c5 9. Kh1 Nc6 10. Be3 Nxc3 11. bxc3 Qa5 12. Qe1 cxd4 13. Nxd4 Nxe5 14. Bf4 Bxe2 15. Qxe2 Ng6 16. Bd2 Qc7 17. Rf3 Bd6 18. Qf2 a6 19. Rf1 Rae8 20. h4 Re4 21. Nf5 Bc5 22. Be3 Bxe3 23. Rxe3 Qe5 24. Rxe4 dxe4 25. h5 Ne7 26. Nxe7+ Qxe7 27. h6 Rc8 28. Qg3 1/2-1/2

[Event "Hamburg Seniors op 11th"]
[Site "Hamburg"]
[Date "2004.11.14"]
[Round "4"]
[White "Koch, Helmut"]
[Black "Ristic, Sreten"]
[Result "0-1"]
[WhiteElo "1765"]
[BlackElo "1933"]
[PlyCount "110"]
[EventDate "2004.11.12"]
[EventType "swiss"]
[EventRounds "7"]
[EventCountry "GER"]
[SourceTitle "EXT 2006"]
[Source "ChessBase"]
[SourceDate "2005.11.24"]
[SourceVersion "1"]
[SourceVersionDate "2005.11.24"]
[SourceQuality "1"]

1. e4 d5 2. exd5 Qxd5 3. Nc3 Qa5 4. Bc4 Bf5 5. d3 Nf6 6. Nf3 e6 7. 0-0 c6 8. h3 h6 9. Bd2 Qd8 10. a3 Be7 11. Qe2 Qd6 12. Rad1 Nbd7 13. Ne4 Qc7 14. Rfe1 0-0-0 15. b4 g5 16. Ng3 Bg6 17. Ne5 Qxe5 18. Qxe5 Nxe5 19. Rxe5 Nd7 20. Ree1 Rhe8 21. Bc3 h5 22. f3 h4 23. Nf1 Bd6 24. Bd2 Be7 25. a4 Nb6 26. Bb3 Nd5 27. b5 f6 28. bxc6 bxc6 29. Kh1 e5 30. Ne3 Rd7 31. Nc4 Bc5 32. Rb1 Bd4 33. Rbc1 Bf2 34. Rf1 Bd4 35. Rfe1 Kc7 36. Ba5+ Bb6 37. Nxb6 axb6 38. Bd2 Bf5 39. Ra1 Ra8 40. Ra2 c5 41. Kg1 Kc6 42. Kf2 Rda7 43. Rea1 Nc7 44. Bc4 Be6 45. Bb3 Bxb3 46. cxb3 Ne6 47. b4 Rd7 48. Ra3 Rad8 49. Ke2 cxb4 50. Bxb4 Nf4+ 51. Kf1 Rxd3 52. Rxd3 Rxd3 53. Ra2 Rd1+ 54. Be1 Rc1 55. Rd2 f5 0-1

[Event "Hamburg Seniors op 11th"]
[Site "Hamburg"]
[Date "2004.11.12"]
[Round "2"]
[White "Koch, Helmut"]
[Black "Schulz, Wolfgang"]
[Result "0-1"]
[WhiteElo "1765"]
[BlackElo "2131"]
[PlyCount "124"]
[EventDate "2004.11.12"]
[EventType "swiss"]
[EventRounds "7"]
[EventCountry "GER"]
[SourceTitle "EXT 2006"]
[Source "ChessBase"]
[SourceDate "2005.11.24"]
[SourceVersion "1"]
[SourceVersionDate "2005.11.24"]
[SourceQuality "1"]

1. e4 d6 2. d4 Nf6 3. Nc3 e5 4. g3 Be7 5. Bg2 0-0 6. Nge2 c6 7. 0-0 Nbd7 8. h3 a6 9. Be3 b5 10. Qd2 Bb7 11. f3 Qc7 12. Nd1 d5 13. Nf2 dxe4 14. fxe4 exd4 15. Nxd4 Ne5 16. b3 Rad8 17. Qe2 Nfd7 18. Rad1 Rfe8 19. Kh2 g6 20. Nf3 Nxf3+ 21. Bxf3 Ne5 22. Bh1 Bc8 23. Rxd8 Rxd8 24. Bf4 Bf6 25. Nd3 Qe7 26. Nxe5 Bxe5 27. Rd1 Rxd1 28. Qxd1 Kg7 29. Qd2 h5 30. Bxe5+ Qxe5 31. h4 Be6 32. Bg2 c5 33. c3 a5 34. Qe3 b4 35. cxb4 axb4 36. Qf2 Qd4 37. Qc2 Qc3 38. Qf2 c4 39. bxc4 Qxc4 40. Qb2+ Qc3 41. Qf2 Bxa2 42. Qxa2 b3 43. Qa7 b2 44. Qb6 Qc2 45. e5 b1Q 46. Qf6+ Kg8 47. e6 fxe6 48. Qd8+ Kf7 49. Qd7+ Kf6 50. Qd4+ Ke7 51. Qa7+ Kd6 52. Qd4+ Kc7 53. Qa7+ Kc8 54. Qa6+ Kc7 55. Qa7+ Kd8 56. Qd4+ Kc8 57. Qh8+ Kc7 58. Qe5+ Kb6 59. Qb8+ Ka5 60. Qa7+ Kb4 61. Qb6+ Ka3 62. Qa5+ Kb2 0-1

[Event "Hamburg-ch qual1"]
[Site "Hamburg"]
[Date "2003.10.27"]
[Round "3"]
[White "Cupina, Ibrahim"]
[Black "Koch, Helmut"]
[Result "1-0"]
[WhiteElo "1716"]
[BlackElo "1500"]
[PlyCount "74"]
[EventDate "2003.10.??"]
[EventType "swiss"]
[EventRounds "7"]
[EventCountry "GER"]
[SourceTitle "EXT 2005"]
[Source "ChessBase"]
[SourceDate "2004.11.15"]
[SourceVersion "1"]
[SourceVersionDate "2004.11.15"]
[SourceQuality "1"]

1. e4 c5 2. d4 cxd4 3. c3 d5 4. exd5 Qxd5 5. Nf3 Bg4 6. cxd4 Bxf3 7. gxf3 Nc6 8. Be3 e5 9. Nc3 Bb4 10. a3 Bxc3+ 11. bxc3 exd4 12. cxd4 Nge7 13. Bd3 Rd8 14. 0-0 0-0 15. Be4 Qd7 16. Qb3 Kh8 17. Rad1 f5 18. Bb1 f4 19. Qd3 Ng6 20. Bc1 Qxd4 21. Qb3 Na5 22. Qc2 Qf6 23. Bb2 Qg5+ 24. Kh1 Rc8 25. Qe4 Nc4 26. Ba1 Rc7 27. Rg1 Qh5 28. Rd5 Qh3 29. Bc3 Nb6 30. Bb4 Rfc8 31. Rdg5 Rc1 32. Bd6 Rxg1+ 33. Rxg1 Nc4 34. Bxf4 Qh4 35. Qxb7 Qh3 36. Be4 Nd2 37. Rd1 Nxe4 1-0